|
|
|
|
| LEADER |
00000nab a2200000 ar4500 |
| 001 |
vtls008857320 |
| 003 |
SK-MaSNL |
| 005 |
20260303063200.0 |
| 008 |
171110c20050530xo dr|n|||||||000 b|slo |
| 015 |
|
|
|a SLLK2005
|2 sllk
|
| 038 |
|
|
|a SLLK
|
| 040 |
|
|
|a SLLK
|b slo
|c sllk
|e AACR2
|
| 041 |
0 |
|
|a slo
|
| 044 |
|
|
|a xo
|c SK
|
| 080 |
|
|
|a 796.332
|2 1997
|
| 100 |
1 |
|
|a Gašpar, O.
|4 aut
|9 1022564
|
| 245 |
1 |
0 |
|a Gólostroj Stropkova sa zastavil v poslednej minúte na čísle 10!
|b Turňa - St. Ľubovňa 3:0 (1:0)
|c Gašpar, O. ; foto: Judita Čermáková
|
| 300 |
|
|
|b Fotogr., tab.
|
| 610 |
2 |
7 |
|a FK Stará Ľubovňa
|2 snkbucl
|9 81527
|
| 650 |
0 |
7 |
|a šport
|2 snkbucl
|9 1042
|
| 650 |
0 |
7 |
|a futbal
|x 3. liga
|y sezóna 2004/2005
|2 snkbucl
|9 1055991
|
| 651 |
|
7 |
|a Stará Ľubovňa (Slovensko)
|2 snkbucl
|9 19193
|
| 651 |
|
7 |
|a Turňa nad Bodvou (Slovensko)
|2 snkbucl
|9 30010
|
| 700 |
1 |
|
|a Čermáková, Judita
|4 pht
|4 aut
|9 883591
|
| 773 |
0 |
|
|t Tatranský denník Korzár
|g Roč. VII, č. 124 (30. 5.2005) s. 6,7
|x 1335-7573
|
| 852 |
|
|
|a SLLK
|b KIS3GCP
|
| 999 |
|
|
|c 1742021
|d 1743951
|